স্থানীয় সরকার এবং সাংবাদিকতা / (Record no. 82637)
[ view plain ]
| 000 -LEADER | |
|---|---|
| fixed length control field | 00797nam a2200217 a 4500 |
| 001 - CONTROL NUMBER | |
| control field | 82637 |
| 003 - CONTROL NUMBER IDENTIFIER | |
| rucl marc code | BD-RjUL |
| 005 - DATE AND TIME OF LATEST TRANSACTION | |
| control field | 20240116120456.0 |
| 008 - FIXED-LENGTH DATA ELEMENTS--GENERAL INFORMATION | |
| fixed length control field | 240116s2003 bg ||||| |||| 00| 0 ben d |
| 020 ## - INTERNATIONAL STANDARD BOOK NUMBER | |
| International Standard Book Number | 9848158243 |
| 035 ## - SYSTEM CONTROL NUMBER | |
| System control number | (BD-RjUL)82637 |
| 040 ## - CATALOGING SOURCE | |
| Original cataloging agency | BD-RjUL |
| Language of cataloging | eng |
| Transcribing agency | BD-RjUL |
| 041 ## - LANGUAGE CODE | |
| Language code of text/sound track or separate title | eng |
| 082 ## - DEWEY DECIMAL CLASSIFICATION NUMBER | |
| Edition number | 23 |
| Classification number | 352.14095492 |
| Author mark and year | STH 2003 |
| 245 ## - TITLE STATEMENT | |
| Title | স্থানীয় সরকার এবং সাংবাদিকতা / |
| Statement of responsibility, etc. | সম্পাদনায় নাঈমুল ইসলাম খান |
| 300 ## - PHYSICAL DESCRIPTION | |
| Pagination | ১২৭ পৃ.; |
| Size | ২২ সেমি. |
| 650 ## - SUBJECT ADDED ENTRY--TOPICAL TERM | |
| Topical term or geographic name as entry element | স্থানীয় সরকার |
| Geographic subdivision | বাংলাদেশ |
| 9 (RLIN) | 10865 |
| Topical term or geographic name as entry element | Local government |
| Geographic subdivision | Bangladesh |
| 700 ## - ADDED ENTRY--PERSONAL NAME | |
| Personal name | খান, নাঈমুল ইসলাম |
| 942 ## - ADDED ENTRY ELEMENTS (KOHA) | |
| Source of classification or shelving scheme | Dewey Decimal Classification |
| Koha item type | Books |
| Lost status | Source of classification or shelving scheme | Damaged status | Not for loan | Collection code | Permanent Location | Current Location | Shelving location | Date acquired | Source of acquisition | Total Checkouts | Full call number | Date last seen | Copy number | Koha item type |
|---|---|---|---|---|---|---|---|---|---|---|---|---|---|---|
| Dewey Decimal Classification | Not For Loan | Non-fiction | Central Library, University of Rajshahi | Central Library, University of Rajshahi | Reading Room | 21/12/2023 | Author | B 352.14095492 STH 2003 | 16/01/2024 | C-1 | Books |